[Event "Aragon-chT Preferente Gr-II"]
[Site "Aragon"]
[Date "2020.03.07"]
[Round "7.70"]
[White "Marcellan Peire, Jesus Eduardo"]
[Black "Fabre Perez, Jose Maria"]
[Result "0-1"]
[WhiteElo "1883"]
[BlackElo "2026"]
[PlyCount "80"]
[EventDate "2020.01.25"]
[EventType "team-tourn"]
[EventRounds "9"]
[EventCountry "ESP"]
[SourceTitle "EXT 2022"]
[Source "ChessBase"]
[SourceDate "2021.10.06"]
[SourceVersion "1"]
[SourceVersionDate "2021.10.06"]
[SourceQuality "1"]
[WhiteTeam "Ejea"]
[BlackTeam "Delicias"]
[WhiteTeamCountry "ESP"]
[BlackTeamCountry "ESP"]

1. d4 Nf6 2. c4 g6 3. Nc3 Bg7 4. e4 d6 5. f3 0-0 6. Bd3 c5 7. d5 a6 8. Nge2 b5 9. a3 Nbd7 10. 0-0 Ne5 11. cxb5 Nxd3 12. Qxd3 axb5 13. Be3 Nd7 14. f4 Ba6 15. b4 Qc7 16. Rac1 Rab8 17. Rfd1 Nb6 18. bxc5 dxc5 19. d6 exd6 20. Qxd6 Qxd6 21. Rxd6 Nc4 22. Bxc5 Nxd6 23. Bxd6 Rbc8 24. Bxf8 Bxf8 25. Ra1 Kg7 26. Kf2 Bc5+ 27. Kf3 Rd8 28. Nd5 f5 29. Nec3 fxe4+ 30. Kg3 Bb7 31. Rd1 Bxa3 32. Nxb5 Bc5 33. Nbc3 h5 34. Nxe4 h4+ 35. Kh3 Bxd5 36. Nxc5 Bxg2+ 37. Kxg2 Rxd1 38. h3 Kf6 39. Kf3 Kf5 40. Ke2 Rh1 0-1

[Event "Aragon-chT Preferente Gr-I"]
[Site "Aragon"]
[Date "2019.03.16"]
[Round "8.47"]
[White "Marcellan Peire, Jesus Eduardo"]
[Black "Garcia Monterde, Francisco Jose"]
[Result "1/2-1/2"]
[WhiteElo "1904"]
[BlackElo "1872"]
[PlyCount "106"]
[EventDate "2019.01.26"]
[EventType "team-tourn"]
[EventRounds "9"]
[EventCountry "ESP"]
[SourceTitle "EXT 2020"]
[Source "ChessBase"]
[SourceDate "2019.10.17"]
[SourceVersion "1"]
[SourceVersionDate "2019.10.17"]
[SourceQuality "1"]
[WhiteTeam "Ejea"]
[BlackTeam "IberCaja II"]
[WhiteTeamCountry "ESP"]
[BlackTeamCountry "ESP"]

1. d4 Nf6 2. c4 c5 3. d5 b5 4. cxb5 a6 5. b6 Qxb6 6. Nc3 d6 7. a4 g6 8. a5 Qc7 9. e4 Bg7 10. Bc4 0-0 11. h3 Qb7 12. Nf3 Bd7 13. 0-0 Qb4 14. Qe2 Bb5 15. Nd2 Bxc4 16. Nxc4 Nbd7 17. Bd2 Ne8 18. Na4 Qb5 19. Rfe1 Nc7 20. Nab6 Rad8 21. Bc3 Na8 22. Bxg7 Kxg7 23. Nxa8 Rxa8 24. Qc2 Rab8 25. Re3 f6 26. Raa3 Ne5 27. Nxe5 fxe5 28. Reb3 Qd7 29. Rb6 Rxb6 30. axb6 Rb8 31. Rxa6 Qb5 32. Ra7 Kf8 33. Qd2 Qxb6 34. Ra2 Kg7 35. h4 Qb3 36. Ra7 Rb7 37. Rxb7 Qxb7 38. h5 gxh5 39. Qg5+ Kf8 40. Qxh5 Kg7 41. Qg5+ Kf8 42. Qh5 Kg7 43. Qe2 Qb4 44. Kh2 c4 45. Qc2 Qc5 46. f3 Qd4 47. Qa4 Kf7 48. Qd7 Qxb2 49. Qe6+ Kf8 50. Qc8+ Kf7 51. Qxc4 Qf2 52. Qc1 Qh4+ 53. Kg1 Kg7 1/2-1/2

[Event "Aragon-chT Preferente Gr-I"]
[Site "Aragon"]
[Date "2019.02.16"]
[Round "4.51"]
[White "Palacian Campodarve, Jesus"]
[Black "Marcellan Peire, Jesus Eduardo"]
[Result "0-1"]
[WhiteElo "1855"]
[BlackElo "1904"]
[PlyCount "35"]
[EventDate "2019.01.26"]
[EventType "team-tourn"]
[EventRounds "9"]
[EventCountry "ESP"]
[SourceTitle "EXT 2020"]
[Source "ChessBase"]
[SourceDate "2019.10.17"]
[SourceVersion "1"]
[SourceVersionDate "2019.10.17"]
[SourceQuality "1"]
[WhiteTeam "Shatranj"]
[BlackTeam "Ejea"]
[WhiteTeamCountry "ESP"]
[BlackTeamCountry "ESP"]

1. e4 c5 2. Nf3 e6 3. d4 cxd4 4. Nxd4 a6 5. Bc4 Qc7 6. Bd3 Nf6 7. Nc3 Bb4 8. Bd2 0-0 9. Qe2 Nc6 10. Nf3 b6 11. 0-0-0 Bb7 12. e5 Ng4 13. Bf4 Bxc3 14. bxc3 f6 15. h3 Ngxe5 16. Rhe1 Nxd3+ 17. Rxd3 Qxf4+ 18. Kb2 0-1

[Event "Aragon-chT Preferente Gr II"]
[Site "Aragon"]
[Date "2018.03.17"]
[Round "8.55"]
[White "Carruez Berges, Santiago"]
[Black "Marcellan Peire, Jesus Eduardo"]
[Result "1-0"]
[WhiteElo "2026"]
[BlackElo "1934"]
[PlyCount "66"]
[EventDate "2018.01.27"]
[EventType "team-tourn"]
[EventRounds "9"]
[EventCountry "ESP"]
[SourceTitle "EXT 2019"]
[Source "ChessBase"]
[SourceDate "2018.10.10"]
[SourceVersion "1"]
[SourceVersionDate "2018.10.10"]
[SourceQuality "1"]
[WhiteTeam "Agrupacion II"]
[BlackTeam "Ejea"]
[WhiteTeamCountry "ESP"]
[BlackTeamCountry "ESP"]

1. e4 d6 2. d4 Nf6 3. Nc3 e5 4. dxe5 dxe5 5. Qxd8+ Kxd8 6. Nf3 Bd6 7. Be3 Be6 8. 0-0-0 Ke7 9. Ng5 a6 10. f3 Nbd7 11. Nxe6 fxe6 12. g4 h6 13. a4 Nf8 14. h4 Ng6 15. h5 Nf4 16. Ne2 Nh7 17. Nxf4 exf4 18. Bd4 e5 19. Bf2 Rhd8 20. Bc4 Ng5 21. Rd3 Rd7 22. Rhd1 Rad8 23. Rb3 c6 24. Bb6 Rb8 25. Rbd3 Ne6 26. c3 Rc8 27. b4 Nf8 28. Kc2 Ne6 29. Kb3 Nc7 30. R1d2 Ne6 31. Bxe6 Kxe6 32. a5 Rf8 33. Rxd6+ Rxd6 1-0

[Event "Aragon-chT Preferente B"]
[Site "Aragon"]
[Date "2015.01.24"]
[Round "1.67"]
[White "Marcellan Peire, Jesus Eduardo"]
[Black "Garcia Andres, Daniel"]
[Result "0-1"]
[WhiteElo "1912"]
[BlackElo "2017"]
[PlyCount "72"]
[EventDate "2015.01.24"]
[EventType "team-tourn"]
[EventRounds "9"]
[EventCountry "ESP"]
[SourceTitle "EXT 2017"]
[Source "ChessBase"]
[SourceDate "2016.10.25"]
[SourceVersion "1"]
[SourceVersionDate "2016.10.25"]
[SourceQuality "1"]
[WhiteTeam "Ejea"]
[BlackTeam "St Casablanca IV"]
[WhiteTeamCountry "ESP"]
[BlackTeamCountry "ESP"]

1. d4 d5 2. c4 e6 3. Nc3 c5 4. Nf3 cxd4 5. Nxd4 e5 6. Nc2 d4 7. Nd5 Bf5 8. e4 Bxe4 9. Ndb4 a5 10. Nd3 Nc6 11. a3 Nf6 12. Bg5 h6 13. Bh4 Qd7 14. f3 Bh7 15. Bg3 Bd6 16. Be2 0-0 17. Nf2 Rad8 18. Bd3 e4 19. Nxe4 Nxe4 20. fxe4 Bxg3+ 21. hxg3 Bxe4 22. Qd2 Bxd3 23. Qxd3 Ne5 24. Qe4 d3 25. 0-0-0 Qc7 26. Ne3 b5 27. b3 bxc4 28. Nxc4 Rfe8 29. Qf4 Qc5 30. Rhe1 d2+ 31. Rxd2 Nd3+ 32. Rxd3 Rxe1+ 33. Kd2 Rxd3+ 34. Kxd3 Qd5+ 35. Kc3 Re4 36. Qc7 Qd4+ 0-1

[Event "Aragon-chT Preferente B"]
[Site "Aragon"]
[Date "2014.02.15"]
[Round "4.59"]
[White "Marcellan Peire, Jesus Eduardo"]
[Black "Jario Garcia, Ricardo Javier"]
[Result "1/2-1/2"]
[WhiteElo "1886"]
[BlackElo "2120"]
[PlyCount "119"]
[EventDate "2014.01.25"]
[EventType "team-tourn"]
[EventRounds "9"]
[EventCountry "ESP"]
[SourceTitle "EXT 2015"]
[Source "ChessBase"]
[SourceDate "2014.11.20"]
[SourceVersion "1"]
[SourceVersionDate "2014.11.20"]
[SourceQuality "1"]
[WhiteTeam "Ejea"]
[BlackTeam "Marcos Frechin"]
[WhiteTeamCountry "ESP"]
[BlackTeamCountry "ESP"]

1. d4 Nf6 2. c4 g6 3. Nc3 Bg7 4. e4 d6 5. f3 0-0 6. Bd3 e5 7. d5 c6 8. Be3 cxd5 9. cxd5 Nh5 10. Nge2 f5 11. 0-0 f4 12. Bf2 g5 13. Kh1 Rf7 14. Nc1 Bf8 15. Be2 Nd7 16. Nd3 Ndf6 17. Rc1 Rg7 18. g4 fxg3 19. hxg3 Qd7 20. g4 Nf4 21. Nxf4 gxf4 22. Nb5 Qd8 23. Rg1 a6 24. Na3 Qe8 25. Bh4 Qg6 26. Bxf6 Qxf6 27. Rg2 b5 28. Qg1 Bd7 29. Rc7 Qd8 30. Rc1 Rc8 31. Rxc8 Bxc8 32. Rh2 Qa5 33. Bd3 Rc7 34. Qb1 Qb6 35. Rc2 Be7 36. Qc1 Bd8 37. Rxc7 Bxc7 38. Qc6 Qxc6 39. dxc6 b4 40. Bc4+ Kf8 41. Nc2 a5 42. a3 b3 43. Bxb3 Ba6 44. a4 Be2 45. Kg2 Bd1 46. Na1 Bxb3 47. Nxb3 Ke7 48. Nd2 d5 49. exd5 Kd6 50. Ne4+ Kxd5 51. Nf6+ Kxc6 52. Nxh7 Kd5 53. g5 Ke6 54. g6 Bd8 55. Kh3 Kf5 56. b3 Bf6 57. Nf8 e4 58. fxe4+ Kxe4 59. Kg2 Kf5 60. Nh7 1/2-1/2

[Event "Aragon-chT Preferente B"]
[Site "Aragon"]
[Date "2013.02.23"]
[Round "5.59"]
[White "Marcellan Peire, Jesus Eduardo"]
[Black "Gimeno Diaz, Fernando"]
[Result "1-0"]
[WhiteElo "1879"]
[BlackElo "1891"]
[PlyCount "110"]
[EventDate "2013.01.26"]
[EventType "team"]
[EventRounds "9"]
[EventCountry "ESP"]
[SourceTitle "EXT 2014"]
[Source "ChessBase"]
[SourceDate "2013.11.20"]
[SourceVersion "1"]
[SourceVersionDate "2013.11.20"]
[SourceQuality "1"]
[WhiteTeam "Ejea"]
[BlackTeam "Aragon ONCE II"]
[WhiteTeamCountry "ESP"]
[BlackTeamCountry "ESP"]

1. d4 Nf6 2. c4 c5 3. Nf3 g6 4. Nc3 Bg7 5. g3 0-0 6. Bg2 cxd4 7. Nxd4 Nc6 8. 0-0 Nxd4 9. Qxd4 d6 10. Qd2 Qa5 11. a3 a6 12. Nd5 Qd8 13. Qb4 Nxd5 14. cxd5 a5 15. Qb3 a4 16. Qb4 Qc7 17. Bd2 Qc2 18. Bc3 Bxc3 19. bxc3 Qxe2 20. Rfe1 Qa6 21. Rxe7 Bf5 22. Rxb7 Rac8 23. Rc1 Qe2 24. c4 Rc5 25. Qxa4 Qd2 26. Qd1 Qxd1+ 27. Rxd1 Rxc4 28. Ra7 Rb8 29. Re1 Rc2 30. Be4 Bxe4 31. Rxe4 Rd2 32. Ree7 Rf8 33. Ra5 Rc8 34. Raa7 Rf8 35. Red7 Rxd5 36. Ra6 Rb8 37. Rdxd6 Rf5 38. Rd2 h5 39. h4 Kg7 40. a4 Rb1+ 41. Kg2 Ra1 42. Ra7 Ra3 43. Re2 Ra1 44. Re3 Ra2 45. Rf3 Rxf3 46. Kxf3 Kf6 47. a5 Ke6 48. a6 f6 49. Rg7 g5 50. hxg5 fxg5 51. Rh7 h4 52. gxh4 gxh4 53. Rxh4 Kf5 54. Rh6 Ra4 55. Ke3 Ra2 1-0

[Event "Aragon-chT Preferente B"]
[Site "Aragon"]
[Date "2013.02.02"]
[Round "2.63"]
[White "Garcia Valer, Jesus Victoriano"]
[Black "Marcellan Peire, Jesus Eduardo"]
[Result "1-0"]
[WhiteElo "1883"]
[BlackElo "1879"]
[PlyCount "97"]
[EventDate "2013.01.26"]
[EventType "team"]
[EventRounds "9"]
[EventCountry "ESP"]
[SourceTitle "EXT 2014"]
[Source "ChessBase"]
[SourceDate "2013.11.20"]
[SourceVersion "1"]
[SourceVersionDate "2013.11.20"]
[SourceQuality "1"]
[WhiteTeam "Delicias CCOO II"]
[BlackTeam "Ejea"]
[WhiteTeamCountry "ESP"]
[BlackTeamCountry "ESP"]

1. d4 Nf6 2. c4 g6 3. Nc3 Bg7 4. e4 d6 5. Bg5 0-0 6. f3 Nc6 7. Nge2 e5 8. d5 Nd4 9. Nxd4 exd4 10. Qxd4 h6 11. Bxf6 Bxf6 12. Qd2 Re8 13. Bd3 Bd7 14. 0-0 Re5 15. f4 Rh5 16. Be2 Rh4 17. g3 Rh3 18. f5 Bg5 19. Qd3 Qe7 20. Bg4 Rh5 21. Bxh5 gxh5 22. Qf3 h4 23. Rad1 a6 24. gxh4 Bxh4 25. Kh1 Kh7 26. Rg1 Bg5 27. Rg2 Re8 28. Rdg1 Bf6 29. Rg4 Qe5 30. Qg2 b5 31. cxb5 axb5 32. a3 c5 33. Rg8 b4 34. Rxe8 Qxe8 35. axb4 cxb4 36. Nd1 Bb5 37. Qc2 b3 38. Qb1 Qc8 39. Nc3 Bxc3 40. bxc3 Qxc3 41. Rg3 Qd2 42. Rxb3 Be2 43. Rg3 Bd1 44. Qd3 Qe1+ 45. Rg1 Qh4 46. Rxd1 Qf4 47. Rf1 Qe5 48. Qf3 Qf6 49. Qf4 1-0

[Event "Aragon-chT Preferente A"]
[Site "Aragon"]
[Date "2012.03.10"]
[Round "6.44"]
[White "Mombiela de Sus, Jose Luis"]
[Black "Marcellan Peire, Jesus Eduardo"]
[Result "1-0"]
[WhiteElo "2034"]
[BlackElo "1865"]
[PlyCount "63"]
[EventDate "2012.02.04"]
[EventType "team"]
[EventRounds "9"]
[EventCountry "ESP"]
[SourceTitle "EXT 2014"]
[Source "ChessBase"]
[SourceDate "2013.11.20"]
[SourceVersion "1"]
[SourceVersionDate "2013.11.20"]
[SourceQuality "1"]
[WhiteTeam "Las Fuentes"]
[BlackTeam "Ejea"]
[WhiteTeamCountry "ESP"]
[BlackTeamCountry "ESP"]

1. d4 Nf6 2. Nf3 g6 3. Nbd2 d5 4. b4 Bg7 5. e3 0-0 6. Bd3 Bg4 7. 0-0 Nbd7 8. Bb2 c6 9. c4 dxc4 10. Nxc4 Nd5 11. Qb3 Bxf3 12. gxf3 Kh8 13. Kh1 e6 14. Rg1 N7f6 15. a4 Nh5 16. b5 Rc8 17. Ba3 c5 18. Bxc5 Rxc5 19. dxc5 Bxa1 20. Rxa1 Qe7 21. Qb2+ Kg8 22. Nd6 b6 23. cxb6 Qxd6 24. bxa7 Qb6 25. Qd4 Qxd4 26. exd4 Ra8 27. Be4 Rxa7 28. Bxd5 exd5 29. b6 Ra8 30. a5 Nf6 31. b7 Rb8 32. a6 1-0

[Event "ESP Autonomico-chT"]
[Site "Spain"]
[Date "2006.03.18"]
[Round "7.62"]
[White "Marcellan Peire, Jesus Eduardo"]
[Black "Sicilia Ruiz, Manuel"]
[Result "0-1"]
[WhiteElo "1945"]
[BlackElo "2193"]
[PlyCount "112"]
[EventDate "2006.02.04"]
[EventType "team"]
[EventRounds "9"]
[EventCountry "ESP"]
[SourceTitle "EXT 2007"]
[Source "ChessBase"]
[SourceDate "2006.11.23"]
[SourceVersion "1"]
[SourceVersionDate "2006.11.23"]
[SourceQuality "1"]

1. d4 d6 2. Nf3 Bg4 3. e3 Nd7 4. Be2 e6 5. c4 Ne7 6. Nc3 c6 7. 0-0 Ng6 8. Ne1 Bxe2 9. Qxe2 Be7 10. f4 0-0 11. Nf3 d5 12. cxd5 exd5 13. Ne5 Ndxe5 14. fxe5 f6 15. exf6 Bxf6 16. Qd3 Qd6 17. Bd2 Rae8 18. a3 Bd8 19. Ne2 a5 20. Rxf8+ Rxf8 21. Be1 Qe6 22. Bd2 Bc7 23. Re1 Nh4 24. Nf4 Qd6 25. Qe2 g5 26. Qg4 Kh8 27. g3 gxf4 28. Qxh4 fxg3 29. hxg3 Bd8 30. Qh3 Rf3 31. Kg2 Qf8 32. Re2 Bc7 33. Be1 Rf1 34. Rf2 Rxf2+ 35. Bxf2 Qe8 36. Qh4 Qe6 37. Qh5 a4 38. Qf3 Kg7 39. g4 Qe4 40. Qxe4 dxe4 41. Bg3 Ba5 42. Be5+ Kf7 43. Kg3 Ke6 44. Kf4 Kd5 45. Kg5 Bd2 46. Bf4 Bc1 47. Kh6 Bxb2 48. Kxh7 Bxa3 49. g5 Bf8 50. g6 a3 51. Kg8 a2 52. Kxf8 a1Q 53. g7 Qa8+ 54. Kf7 b5 55. g8Q Qxg8+ 56. Kxg8 b4 0-1